Tribhuvan University Central Library

Credits and collections in theory and practice (Record no. 59834)

MARC details
000 -LEADER
fixed length control field 00636 a2200241 4500
041 ## - LANGUAGE CODE
Language code of text/sound track or separate title Eng
082 ## - DEWEY DECIMAL CLASSIFICATION NUMBER
Classification number 332.7
Item number B389c
100 ## - MAIN ENTRY--PERSONAL NAME
Personal name Beckman, Theodore N
9 (RLIN) 20761
100 ## - MAIN ENTRY--PERSONAL NAME
Personal name Bartels, R
9 (RLIN) 20762
245 ## - TITLE STATEMENT
Title Credits and collections in theory and practice
250 ## - EDITION STATEMENT
Edition statement 6th ed
260 ## - PUBLICATION, DISTRIBUTION, ETC.
Place of publication, distribution, etc. New York
Name of publisher, distributor, etc. McGraw Hill
Date of publication, distribution, etc. 1955
300 ## - PHYSICAL DESCRIPTION
Extent xi, 612p. tables
650 ## - SUBJECT ADDED ENTRY--TOPICAL TERM
Topical term or geographic name entry element Economy
650 ## - SUBJECT ADDED ENTRY--TOPICAL TERM
Topical term or geographic name entry element Foreign credit
9 (RLIN) 20763
650 ## - SUBJECT ADDED ENTRY--TOPICAL TERM
Topical term or geographic name entry element Collection control
9 (RLIN) 20764
650 ## - SUBJECT ADDED ENTRY--TOPICAL TERM
Topical term or geographic name entry element Risk
9 (RLIN) 6187
650 ## - SUBJECT ADDED ENTRY--TOPICAL TERM
Topical term or geographic name entry element Retail credit
9 (RLIN) 20765
650 ## - SUBJECT ADDED ENTRY--TOPICAL TERM
Topical term or geographic name entry element Commercial banks
9 (RLIN) 4406
653 ## - INDEX TERM--UNCONTROLLED
Uncontrolled term Credit
942 ## - ADDED ENTRY ELEMENTS (KOHA)
Source of classification or shelving scheme Dewey Decimal Classification
Koha item type General Collections
518 ## - DATE/TIME AND PLACE OF AN EVENT NOTE
-- 2067-11-20

No items available.